Impactos potencias del Tratado de Libre Comercio Centroamérica - Estados Unidos en el sector agrícola y la pobreza rural de Nicaragua
Gespeichert in:
| 1. Verfasser: | |
|---|---|
| Format: | Text |
| Veröffentlicht: |
Managua:
Comité de Servicios de los Amigos -Centro América
|
| Schlagworte: | |
| Tags: |
Tag hinzufügen
Keine Tags, Fügen Sie den ersten Tag hinzu!
|
MARC
| LEADER | 00000 a a2200000 04500 | ||
|---|---|---|---|
| 001 | 30377 | ||
| 003 | |||
| 040 | |||
| 090 | |a 194700 | ||
| 100 | |a Acevedo Vogi, Adolfo José | ||
| 245 | |a Impactos potencias del Tratado de Libre Comercio Centroamérica - Estados Unidos en el sector agrícola y la pobreza rural de Nicaragua | ||
| 260 | |a Managua: |b Comité de Servicios de los Amigos -Centro América | ||
| 300 | |a 118 p. |b map. |b gráficas | ||
| 500 | |a Otra versión de esta obra en CIDCACS: 192100 | ||
| 650 | |a TLC | ||
| 650 | |a SECTOR AGRICOLA | ||
| 650 | |a POBREZA | ||
| 650 | |a NICARAGUA | ||
| 999 | |c 11781 |d 11781 | ||
